| 000 | 00920nam a2200265Ia 4500 | ||
|---|---|---|---|
| 001 | 16236 | ||
| 003 | GE_BSU | ||
| 008 | 181216s||||||||xx |||||||||||||| ||und|| | ||
| 020 | _a9789941132056 | ||
| 040 | _cGE_BSU | ||
| 080 | _a620.5 | ||
| 100 | _aბიბილაშვილი,ამირან | ||
| 245 | _aნანოტექნოლოგია და ახალი მასალები | ||
| 245 | _bსახელმძღვ. | ||
| 245 | _cრედ: ა.გერასიმოვი | ||
| 260 | _aთბილისი | ||
| 260 | _bთბილისის უნ-ტის გამ-ბა. | ||
| 260 | _c2011 | ||
| 300 | _a188გვ;27სმ | ||
| 300 | _bბიბლიოგრ.: გვ. 188 | ||
| 541 | _h12ლ.50თ | ||
| 653 | _aნანოტექნოლოგია და ახალი მასალები | ||
| 653 | _aტექნიკა | ||
| 942 | _cBK | ||
| 999 |
_c49320 _d49320 |
||